HINDUISM: Faith & Practice (Record no. 23471)
[ view plain ]
| 000 -LEADER | |
|---|---|
| fixed length control field | 01573nam a22001457a 4500 |
| 082 ## - DEWEY DECIMAL CLASSIFICATION NUMBER | |
| Classification number | 294.5 |
| Author Cutter | DAS |
| 100 ## - MAIN ENTRY--AUTHOR NAME | |
| Author name | Das Rasamandala |
| 245 ## - TITLE STATEMENT | |
| Title | HINDUISM: Faith & Practice |
| 260 ## - PUBLICATION, DISTRIBUTION, ETC. (IMPRINT) | |
| Place of publication | London, |
| Name of publisher | Southwater, |
| Year of publication | 2014 |
| 300 ## - PHYSICAL DESCRIPTION | |
| Number of Pages | 160 |
| 520 ## - SUMMARY, ETC. | |
| Summary, etc | This title deals with the Four Paths, Deities, Sacred Places, and Hinduism Today. It is a guide to the philosophy and beliefs of Hinduism, illustrated with over 320 photographs. It explores how Hindu thought and spirituality are expressed though worship, dress, cuisine, philosophy, architecture, story, myth and the performing arts. "This illustrated encyclopedia of Hinduism provides a highly readable and comprehensive introduction to Hinduism. Rasamandala Das presents a lively account." (Professor Gavin Flood, Academic Director of the Oxford Centre for Hindu Studies). A magnificent introduction to the world of Hinduism and its vibrant culture, this inspirational book focuses on spiritual practices and those activities that nurture faith, wisdom and communion with the Supreme. It reveals the four main paths of action, knowledge, meditation and devotion, the fascinating array of Hindu deities, and practices that celebrate sacred time and place. The book analyses ways in which Hindus engage with this world through to the present day, and how their spirituality has been expressed and organized. It provides the perfect opportunity for anyone wishing to further explore the compelling faith and culture that is Hinduism |
| 650 ## - SUBJECT ADDED ENTRY--TOPICAL TERM | |
| Topical Term | Hinduism |
| -- | Hinduism RELIGION |
| -- | Hinduism History |
| 942 ## - ADDED ENTRY ELEMENTS (KOHA) | |
| Koha item type | Books |
No items available.
